000
00248nam a22000977a 4500
999
_c
516854
_d
516854
082
_a
TNC
100
_a
Milne, R. S. (ed.)
_9
23573
245
_a
Bureaucracy in New Zealand
_c
edited by R. S. Milne
260
_a
Wellington
_b
NZIPA
_c
1957
300
_a
137p.